000 00229nam a2200097Ia 4500
008 190216s9999||||xx |||||||||||||| ||und||
100 _aVaikom Muhammad Basheer
245 0 _aSthalathe Pradana Divyan
260 _bNull
942 _cBK
999 _c24513
_d24513